000 00878nam a2200265Ia 4500
003 OSt
005 20221005104615.0
006 a|||||r|||| 00| 0
007 ta
008 221004b |||||||| |||| 00| 0 hin d
020 _a8171192556 (hbk)
_c110
024 _a97207
037 _b578, 23/03/2009, Vani Prakashan
_cTextual
040 _aCRL
_cCRL
_bhin
041 _2hin
_ahin
082 _aY5927:4.2, 152N6
100 _aठाकुर, अरूण
245 0 _aनरक सफाई
246 _aNarak safāī
260 _aदिल्ली
_bराधाकृष्ण भारत
_c1996
300 _a153पृ0
_ccm.
700 _a महम्मद खडस
942 _hY5927:4.2, 152N6
_cTEXL
_2cc
999 _c1013230
_d1013230